[Event "WchT Seniors 50"]
[Site "Prague"]
[Date "2020.03.08"]
[Round "3.4"]
[White "Haba, Petr"]
[Black "Pekarek, Ales"]
[Result "1/2-1/2"]
[WhiteElo "2470"]
[BlackElo "2274"]
[PlyCount "110"]
[EventDate "2020.03.06"]
[EventType "team-swiss"]
[EventRounds "7"]
[EventCountry "CZE"]
[SourceTitle "CBM 195 Extra"]
[Source "ChessBase"]
[SourceDate "2020.05.31"]
[SourceVersion "1"]
[SourceVersionDate "2020.05.31"]
[SourceQuality "1"]
[WhiteTeam "Czech Republic 50"]
[BlackTeam "Czech Republic 50 III"]
[WhiteTeamCountry "CZE"]
[BlackTeamCountry "CZE"]

1. e4 c5 2. Nf3 Nc6 3. d4 cxd4 4. Nxd4 Nf6 5. Nc3 e5 6. Ndb5 d6 7. Nd5 Nxd5 8. exd5 Nb8 9. c4 Be7 10. Be2 0-0 11. 0-0 Nd7 12. Kh1 a6 13. Nc3 a5 14. f4 Nc5 15. Be3 exf4 16. Bxf4 Bg5 17. Bxg5 Qxg5 18. Nb5 Bd7 19. Nxd6 Qe5 20. Nb5 Bxb5 21. cxb5 Rad8 22. Qc2 b6 23. Bf3 Rd6 24. Rae1 Qd4 25. b3 Rfd8 26. Re7 g6 27. Qe2 Kg7 28. Rc7 Rf6 29. Rd1 Qf4 30. Rc6 Rfd6 31. Qb2+ Qf6 32. Qxf6+ Kxf6 33. Kg1 h6 34. Kf2 Ke5 35. Ke3 f5 36. Rd4 g5 37. g3 Rf8 38. Rc4 Rfd8 39. g4 f4+ 40. Kd2 R8d7 41. Kc2 Rd8 42. a3 Rxd5 43. Bxd5 Rxd5 44. Rc7 Ne6 45. Rf7 Nd4+ 46. Kb2 Nxb5 47. Rf5+ Kd6 48. a4 Nd4 49. Rxd5+ Kxd5 50. Kc3 Ne6 51. Rc8 Nc5 52. Re8 Ne4+ 53. Kd3 Nf2+ 54. Ke2 Nxg4 55. h3 Nf6 1/2-1/2

[Event "Orlova op 13th"]
[Site "Orlova"]
[Date "2016.05.24"]
[Round "4"]
[White "Bartecek, Ladislav"]
[Black "Pekarek, Ales"]
[Result "1/2-1/2"]
[WhiteElo "1767"]
[BlackElo "1513"]
[PlyCount "33"]
[EventDate "2016.05.21"]
[EventType "swiss"]
[EventRounds "9"]
[EventCountry "CZE"]
[SourceTitle "EXT 2017"]
[Source "ChessBase"]
[SourceDate "2016.10.25"]
[SourceVersion "1"]
[SourceVersionDate "2016.10.25"]
[SourceQuality "1"]

1. e4 e5 2. Nf3 Nc6 3. d4 exd4 4. Nxd4 Nf6 5. Nxc6 bxc6 6. Nd2 d6 7. Bd3 g6 8. 0-0 Bg7 9. c3 0-0 10. Qc2 Re8 11. Nb3 d5 12. Bg5 Qd6 13. Bxf6 Bxf6 14. Rad1 Be5 15. g3 Bh3 16. Rfe1 Qf6 17. Bf1 1/2-1/2

[Event "Orlova op-A 12th"]
[Site "Orlova"]
[Date "2015.05.27"]
[Round "4"]
[White "Pekarek, Ales"]
[Black "Zielinski, Andrzej1111"]
[Result "1/2-1/2"]
[WhiteElo "1420"]
[BlackElo "1828"]
[PlyCount "71"]
[EventDate "2015.05.24"]
[EventType "swiss"]
[EventRounds "9"]
[EventCountry "CZE"]
[SourceTitle "CBM 166 Extra"]
[Source "ChessBase"]
[SourceDate "2015.06.18"]
[SourceVersion "1"]
[SourceVersionDate "2015.06.18"]
[SourceQuality "1"]

1. e4 c5 2. c3 d6 3. d4 cxd4 4. cxd4 Nf6 5. Nc3 a6 6. Nf3 e6 7. e5 dxe5 8. dxe5 Nd5 9. Nxd5 exd5 10. a3 Be7 11. Bd3 Nc6 12. 0-0 Be6 13. Re1 g5 14. Qd2 h6 15. h3 g4 16. hxg4 Bxg4 17. Qf4 Be6 18. Bf5 Qd7 19. Bxe6 fxe6 20. Be3 0-0-0 21. Rac1 Bg5 22. Nxg5 hxg5 23. Qa4 Kb8 24. Bxg5 Qh7 25. f3 Rdg8 26. f4 Rxg5 27. fxg5 Qh2+ 28. Kf2 Rf8+ 29. Ke2 Qxg2+ 30. Kd1 Rf2 31. Rc2 Rxc2 32. Qxc2 Qxg5 33. Qc3 Qg4+ 34. Kc1 d4 35. Qc5 Qf4+ 36. Kb1 1/2-1/2

[Event "Orlova op 10th"]
[Site "Orlova"]
[Date "2013.05.16"]
[Round "4"]
[White "Pekarek, Ales"]
[Black "Majercik, Jaroslav"]
[Result "1/2-1/2"]
[WhiteElo "1385"]
[BlackElo "1750"]
[PlyCount "37"]
[EventDate "2013.05.13"]
[EventType "swiss"]
[EventRounds "9"]
[EventCountry "CZE"]
[SourceTitle "CBM 154 Extra"]
[Source "ChessBase"]
[SourceDate "2013.06.25"]
[SourceVersion "2"]
[SourceVersionDate "2013.06.25"]
[SourceQuality "1"]

1. e4 c5 2. Nf3 d6 3. Nc3 g6 4. Bb5+ Bd7 5. 0-0 Bg7 6. Bxd7+ Qxd7 7. d3 Nc6 8. Be3 Nd4 9. Bxd4 cxd4 10. Ne2 e5 11. c3 dxc3 12. bxc3 Nh6 13. d4 Qc6 14. dxe5 dxe5 15. Qd5 0-0 16. Qxc6 bxc6 17. c4 f5 18. c5 Nf7 19. Rae1 1/2-1/2

[Event "Karvina op"]
[Site "Karvina"]
[Date "2011.07.09"]
[Round "8"]
[White "Charouz, Jaroslav"]
[Black "Pekarek, Ales"]
[Result "1-0"]
[WhiteElo "1679"]
[BlackElo "2406"]
[PlyCount "61"]
[EventDate "2011.07.02"]
[EventType "swiss"]
[EventRounds "9"]
[EventCountry "CZE"]
[SourceTitle "CBM 143 Extra"]
[Source "ChessBase"]
[SourceDate "2011.08.29"]
[SourceVersion "1"]
[SourceVersionDate "2011.08.29"]
[SourceQuality "1"]

1. e4 e5 2. Nf3 Nc6 3. Bb5 a6 4. Ba4 Nf6 5. 0-0 Bc5 6. c3 Nxe4 7. d4 b5 8. dxc5 bxa4 9. Re1 d5 10. cxd6 Nxd6 11. Nxe5 Nxe5 12. Rxe5+ Be6 13. Qxa4+ Nb5 14. c4 c6 15. cxb5 cxb5 16. Qe4 Qd7 17. Qxa8+ Ke7 18. Qe4 f5 19. Qe1 Rd8 20. Nc3 b4 21. Bg5+ Kf7 22. Bxd8 Qxd8 23. Rxe6 bxc3 24. bxc3 Qg5 25. Rb1 h5 26. Rb7+ Kg8 27. h4 Qg4 28. f3 Qf4 29. Rg6 Qc4 30. Qe8+ Kh7 31. Rbxg7# 1-0

[Event "Karvina op"]
[Site "Karvina"]
[Date "2011.07.07"]
[Round "6"]
[White "Folwarczny, Marek"]
[Black "Pekarek, Ales"]
[Result "1-0"]
[WhiteElo "1631"]
[BlackElo "2406"]
[PlyCount "67"]
[EventDate "2011.07.02"]
[EventType "swiss"]
[EventRounds "9"]
[EventCountry "CZE"]
[SourceTitle "CBM 143 Extra"]
[Source "ChessBase"]
[SourceDate "2011.08.29"]
[SourceVersion "1"]
[SourceVersionDate "2011.08.29"]
[SourceQuality "1"]

1. e4 e5 2. Nf3 Nc6 3. d4 d6 4. d5 Nb4 5. a3 Na6 6. Be3 Nf6 7. Nbd2 Be7 8. h3 Nc5 9. Bxc5 dxc5 10. Nxe5 0-0 11. Bd3 Bd6 12. Nef3 c6 13. 0-0 cxd5 14. e5 c4 15. Be2 Ne4 16. exd6 Nxd2 17. Qxd2 Qxd6 18. Bxc4 a6 19. Qxd5 Qxd5 20. Bxd5 Be6 21. Bxe6 fxe6 22. Rfe1 Rae8 23. Ng5 Rf6 24. Re2 h6 25. Ne4 Rg6 26. Rae1 Kf7 27. Nd6+ Ke7 28. Nxe8 Kxe8 29. Rxe6+ Rxe6 30. Rxe6+ Kf7 31. Rb6 g5 32. Rxb7+ Ke6 33. Rb6+ Kd7 34. Rxa6 1-0

[Event "CZE-chT 9697"]
[Site "Czech Republic"]
[Date "1997.??.??"]
[Round "8"]
[White "Gross, David"]
[Black "Pekarek, Ales"]
[Result "1-0"]
[WhiteElo "2370"]
[BlackElo "2440"]
[PlyCount "57"]
[EventDate "1996.??.??"]
[EventType "team-tourn"]
[EventRounds "11"]
[EventCountry "CZE"]
[SourceTitle "EXT 2019"]
[Source "ChessBase"]
[SourceDate "2018.10.10"]
[SourceVersion "1"]
[SourceVersionDate "2018.10.10"]
[SourceQuality "1"]
[WhiteTeam "Kolin SK Sokol"]
[BlackTeam "Praha Bohemians"]
[WhiteTeamCountry "CZE"]
[BlackTeamCountry "CZE"]

1. e4 c5 2. Nf3 e6 3. d4 cxd4 4. Nxd4 a6 5. Nc3 Qc7 6. f4 Nc6 7. Nxc6 Qxc6 8. Bd3 Bc5 9. Qe2 d6 10. Bd2 Ne7 11. 0-0-0 Bd7 12. Rhe1 0-0 13. e5 d5 14. Qh5 g6 15. Qh4 Rfc8 16. g4 b5 17. f5 b4 18. Ne2 Qc7 19. Bg5 Bb5 20. Kb1 Nc6 21. Nf4 b3 22. cxb3 Nb4 23. Bf6 Qa5 24. a3 Nxd3 25. Nxd3 Bf8 26. Re3 h6 27. Rh3 Qc7 28. Qxh6 Bxd3+ 29. Ka2 1-0

[Event "Pribram op rap"]
[Site "Pribram"]
[Date "1997.??.??"]
[Round "3"]
[White "Jirovsky, Milos"]
[Black "Pekarek, Ales"]
[Result "1-0"]
[WhiteElo "2505"]
[BlackElo "2440"]
[PlyCount "46"]
[EventDate "1997.??.??"]
[EventType "team (rapid)"]
[EventRounds "9"]
[EventCountry "CZE"]
[SourceTitle "EXT 2001"]
[Source "ChessBase"]
[SourceDate "2000.11.22"]
[SourceVersion "1"]
[SourceVersionDate "2000.11.22"]
[SourceQuality "1"]

1. Nf3 d5 2. d4 c6 3. c4 e6 4. Nc3 Nf6 5. e3 Nbd7 6. Qc2 Bd6 7. Be2 0-0 8. 0-0 e5 9. cxd5 cxd5 10. Nb5 Bb8 11. dxe5 Nxe5 12. Bd2 Bg4 13. Nbd4 Qd6 14. g3 Bh3 15. Rfd1 Ne4 16. Be1 Rc8 17. Qb3 Nc5 18. Qc2 Ne4 19. Qb1 Qf6 20. a3 a6 21. Qa2 Rd8 22. Rac1 Nxf3+ 23. Bxf3 Be5 1-0

[Event "Pribram op rap"]
[Site "Pribram"]
[Date "1997.??.??"]
[Round "7"]
[White "Pekarek, Ales"]
[Black "Polak, Tomas"]
[Result "0-1"]
[WhiteElo "2440"]
[BlackElo "2450"]
[PlyCount "49"]
[EventDate "1997.??.??"]
[EventType "team (rapid)"]
[EventRounds "9"]
[EventCountry "CZE"]
[SourceTitle "EXT 2001"]
[Source "ChessBase"]
[SourceDate "2000.11.22"]
[SourceVersion "1"]
[SourceVersionDate "2000.11.22"]
[SourceQuality "1"]

1. Nf3 Nf6 2. c4 e6 3. Nc3 d5 4. d4 Be7 5. Bg5 h6 6. Bxf6 Bxf6 7. cxd5 exd5 8. Rc1 0-0 9. e3 c6 10. Bd3 Nd7 11. 0-0 Be7 12. Bb1 Bd6 13. Qc2 g6 14. Qd2 Qf6 15. Rce1 Rd8 16. e4 Bf4 17. Qe2 dxe4 18. Nxe4 Qg7 19. Ng3 Nf6 20. Qe7 Bd7 21. Ne4 Nd5 22. Qc5 Bg4 23. Ne5 Bxe5 24. dxe5 Qxe5 25. h3 0-1

[Event "CZE-chT 9596"]
[Site "Czech Republic"]
[Date "1996.02.03"]
[Round "8"]
[White "Cerny, Martin"]
[Black "Pekarek, Ales"]
[Result "0-1"]
[WhiteElo "2300"]
[BlackElo "2445"]
[PlyCount "100"]
[EventDate "1995.10.21"]
[EventType "team-tourn"]
[EventRounds "11"]
[EventCountry "CZE"]
[SourceTitle "EXT 2019"]
[Source "ChessBase"]
[SourceDate "2018.10.10"]
[SourceVersion "1"]
[SourceVersionDate "2018.10.10"]
[SourceQuality "1"]
[WhiteTeam "Litomerice SK IWEX "]
[BlackTeam "Praha Bohemians"]
[WhiteTeamCountry "CZE"]
[BlackTeamCountry "CZE"]

1. d4 d5 2. c4 e6 3. Nf3 c6 4. Nc3 Nd7 5. cxd5 exd5 6. Bf4 Ngf6 7. e3 Be7 8. Bd3 0-0 9. 0-0 Re8 10. Qc2 Nf8 11. h3 Ng6 12. Bg3 Bb4 13. Ne5 Bxc3 14. bxc3 Ne4 15. Bh2 Nxe5 16. Bxe5 Qg5 17. f3 Qxe3+ 18. Kh1 Rxe5 19. fxe4 Rh5 20. Rf3 Rxh3+ 21. Rxh3 Bxh3 22. exd5 cxd5 23. Bxh7+ Kh8 24. Rf1 Be6 25. Bf5 g6 26. Bxe6 Qxe6 27. Qb2 b6 28. c4 Kg7 29. cxd5 Qe3 30. Qf2 Qxf2 31. Rxf2 Rd8 32. Rd2 Rxd5 33. Kg1 Rf5 34. Rd3 Kf6 35. Ra3 a5 36. Rc3 b5 37. Rc6+ Ke7 38. Ra6 b4 39. g3 Kd7 40. Kg2 Kc7 41. g4 Kb7 42. Rd6 Rf4 43. Kg3 Rf1 44. d5 g5 45. Rd7+ Kb6 46. Rd6+ Kb5 47. Rh6 Rd1 48. d6 Rd3+ 49. Kf2 Kc6 50. Rh8 Rd2+ 0-1

[Event "CZE-chT 9596"]
[Site "Czech Republic"]
[Date "1996.01.14"]
[Round "7"]
[White "Pekarek, Ales"]
[Black "Svatos, Jan"]
[Result "1-0"]
[WhiteElo "2445"]
[BlackElo "2255"]
[PlyCount "55"]
[EventDate "1995.10.21"]
[EventType "team-tourn"]
[EventRounds "11"]
[EventCountry "CZE"]
[SourceTitle "EXT 2019"]
[Source "ChessBase"]
[SourceDate "2018.10.10"]
[SourceVersion "1"]
[SourceVersionDate "2018.10.10"]
[SourceQuality "1"]
[WhiteTeam "Praha Bohemians"]
[BlackTeam "Vysehrad SK Sokol"]
[WhiteTeamCountry "CZE"]
[BlackTeamCountry "CZE"]

1. d4 Nf6 2. c4 c5 3. d5 e6 4. Nc3 exd5 5. cxd5 d6 6. Nf3 g6 7. Bg5 Bg7 8. e3 0-0 9. Nd2 h6 10. Bh4 Na6 11. Be2 Nc7 12. 0-0 b5 13. Bxb5 Nxb5 14. Nxb5 Qb6 15. Bxf6 Bxf6 16. a4 Ba6 17. Nc4 Qb8 18. Qb3 Rd8 19. Rfd1 Rd7 20. e4 Rb7 21. Qf3 Bxb5 22. axb5 Bd4 23. Ra6 Rd7 24. b6 axb6 25. Rxa8 Qxa8 26. Nxb6 Qb7 27. Nxd7 Qxd7 28. b4 1-0

[Event "Helma op"]
[Site "Pribram"]
[Date "1996.??.??"]
[Round "?"]
[White "Pekarek, Ales"]
[Black "Heidler, Zejda"]
[Result "1-0"]
[WhiteElo "2415"]
[BlackElo "1795"]
[PlyCount "59"]
[EventDate "1996.??.??"]
[EventType "swiss (rapid)"]
[EventRounds "9"]
[EventCountry "CZE"]
[SourceTitle "EXT 1999"]
[Source "ChessBase"]
[SourceDate "1998.11.16"]
[SourceVersion "1"]
[SourceVersionDate "1998.11.16"]
[SourceQuality "1"]

1. d4 d5 2. Nf3 Nf6 3. g3 b6 4. Bg2 Bb7 5. 0-0 e6 6. c4 Be7 7. cxd5 exd5 8. Qa4+ Qd7 9. Qc2 0-0 10. Nc3 Na6 11. Bg5 h6 12. Bxf6 Bxf6 13. a3 c5 14. Rad1 Rac8 15. Qd2 Rfd8 16. h4 Qf5 17. Kh2 cxd4 18. Nxd4 Bxd4 19. Qxd4 Rc4 20. Qxc4 dxc4 21. Rxd8+ Kh7 22. Bxb7 Nc5 23. Bg2 Qc2 24. Rb1 g6 25. Rdd1 Kg7 26. Bf3 a6 27. Nd5 b5 28. Ne3 Qb3 29. Bd5 h5 30. Rd2 1-0

[Event "Helma op"]
[Site "Pribram"]
[Date "1996.??.??"]
[Round "?"]
[White "Pekarek, Ales"]
[Black "Voller, Jiri"]
[Result "1-0"]
[WhiteElo "2415"]
[BlackElo "2200"]
[PlyCount "55"]
[EventDate "1996.??.??"]
[EventType "swiss (rapid)"]
[EventRounds "9"]
[EventCountry "CZE"]
[SourceTitle "EXT 1999"]
[Source "ChessBase"]
[SourceDate "1998.11.16"]
[SourceVersion "1"]
[SourceVersionDate "1998.11.16"]
[SourceQuality "1"]

1. d4 Nf6 2. Nf3 g6 3. c4 Bg7 4. Nc3 0-0 5. e4 d6 6. Be2 e5 7. 0-0 Nc6 8. d5 Ne7 9. Nd2 a5 10. a3 Bd7 11. Rb1 a4 12. b3 axb3 13. Nxb3 b6 14. Ra1 Ne8 15. a4 f5 16. f3 Nf6 17. Bd2 Nh5 18. a5 bxa5 19. Nxa5 Nf4 20. Kh1 g5 21. c5 Qe8 22. Bc4 g4 23. Nc6 Rxa1 24. Qxa1 Neg6 25. fxg4 fxg4 26. g3 Nh3 27. Rxf8+ Qxf8 28. Qf1 1-0

[Event "CZE-chT 9596"]
[Site "Czech Republic"]
[Date "1995.12.09"]
[Round "5"]
[White "Stratil, Ladislav Jr"]
[Black "Pekarek, Ales"]
[Result "1/2-1/2"]
[WhiteElo "2380"]
[BlackElo "2445"]
[PlyCount "120"]
[EventDate "1995.10.21"]
[EventType "team-tourn"]
[EventRounds "11"]
[EventCountry "CZE"]
[SourceTitle "EXT 2019"]
[Source "ChessBase"]
[SourceDate "2018.10.10"]
[SourceVersion "1"]
[SourceVersionDate "2018.10.10"]
[SourceQuality "1"]
[WhiteTeam "Praha Dukla"]
[BlackTeam "Praha Bohemians"]
[WhiteTeamCountry "CZE"]
[BlackTeamCountry "CZE"]

1. e4 c5 2. Nf3 Nc6 3. d3 g6 4. g3 Bg7 5. Bg2 d6 6. 0-0 Rb8 7. Nbd2 e5 8. Nc4 Nge7 9. Ne3 0-0 10. Ng5 h6 11. Nh3 d5 12. f3 b6 13. Ng4 Bxg4 14. fxg4 dxe4 15. Bxe4 Qd7 16. Nf2 Rbd8 17. g5 hxg5 18. Bxg5 f6 19. Be3 f5 20. Bxc6 Qxc6 21. Bg5 Rd7 22. Qe2 Qd5 23. a3 Nc6 24. c3 Nd8 25. Rad1 Ne6 26. Bc1 Rff7 27. Nh3 Bf6 28. Qg2 Qxg2+ 29. Kxg2 Rd8 30. Nf2 b5 31. b4 Rc7 32. Bd2 cxb4 33. axb4 Bg5 34. Bxg5 Nxg5 35. h4 Nf7 36. Rc1 Rdc8 37. Nd1 Nd6 38. Ra1 e4 39. Ra6 Rc6 40. Rxc6 Rxc6 41. dxe4 Nxe4 42. Rf3 Rd6 43. Nf2 Rd2 44. Kf1 Nxf2 45. Rxf2 Rd3 46. Kg2 Rxc3 47. Ra2 Rc4 48. Rxa7 Rxb4 49. Kf3 Rc4 50. Rb7 b4 51. Ra7 Kf8 52. Rb7 Ke8 53. Rg7 Rg4 54. Rb7 Kd8 55. Rb5 Rc4 56. h5 gxh5 57. Rxf5 Rc3+ 58. Ke2 Kc7 59. Rxh5 Kc6 60. Kd2 Rxg3 1/2-1/2

[Event "CZE-chT 9495"]
[Site "Czech Republic"]
[Date "1995.03.12"]
[Round "10"]
[White "Zigo, Viktor"]
[Black "Pekarek, Ales"]
[Result "0-1"]
[WhiteElo "2275"]
[BlackElo "2450"]
[PlyCount "102"]
[EventDate "1994.10.15"]
[EventType "team-tourn"]
[EventRounds "9"]
[EventCountry "CZE"]
[SourceTitle "EXT 2019"]
[Source "ChessBase"]
[SourceDate "2018.10.10"]
[SourceVersion "1"]
[SourceVersionDate "2018.10.10"]
[SourceQuality "1"]
[WhiteTeam "Plzen"]
[BlackTeam "Praha Bohemians"]
[WhiteTeamCountry "CZE"]
[BlackTeamCountry "CZE"]

1. e4 c5 2. Nf3 e6 3. d3 Nc6 4. g3 g6 5. Bg2 Bg7 6. 0-0 Nge7 7. Nbd2 0-0 8. Re1 d6 9. Nf1 b5 10. h4 Bb7 11. h5 d5 12. h6 Bh8 13. e5 Qd7 14. N1h2 f6 15. exf6 Bxf6 16. Bh3 Nf5 17. Ng4 Bh8 18. Nge5 Nxe5 19. Nxe5 Bxe5 20. Rxe5 Rae8 21. c3 d4 22. Rxc5 Rc8 23. Rxc8 Qxc8 24. Bg2 Bxg2 25. Kxg2 dxc3 26. bxc3 Qxc3 27. Bf4 Qc6+ 28. Qf3 Qxf3+ 29. Kxf3 Nxh6 30. Ke4 Ng4 31. f3 Nf6+ 32. Ke5 Kf7 33. Rc1 Rd8 34. Rc7+ Rd7 35. Rxd7+ Nxd7+ 36. Kd6 Nf6 37. Kc6 Nd5 38. Bd2 b4 39. Kb5 h5 40. Bg5 e5 41. Kc5 Ke6 42. Bd2 a5 43. Kb5 Nc3+ 44. Kxa5 Nxa2 45. Ka4 Nc3+ 46. Kxb4 Ne2 47. Be1 Kd5 48. Bf2 Nd4 49. f4 exf4 50. gxf4 Nf3 51. Kc3 h4 0-1

[Event "CZE-chT 9495"]
[Site "Czech Republic"]
[Date "1995.03.11"]
[Round "9"]
[White "Gross, Stefan"]
[Black "Pekarek, Ales"]
[Result "1-0"]
[WhiteElo "2370"]
[BlackElo "2450"]
[PlyCount "85"]
[EventDate "1994.10.15"]
[EventType "team-tourn"]
[EventRounds "9"]
[EventCountry "CZE"]
[SourceTitle "EXT 2019"]
[Source "ChessBase"]
[SourceDate "2018.10.10"]
[SourceVersion "1"]
[SourceVersionDate "2018.10.10"]
[SourceQuality "1"]
[WhiteTeam "Kolin SK Sokol"]
[BlackTeam "Praha Bohemians"]
[WhiteTeamCountry "CZE"]
[BlackTeamCountry "CZE"]

1. e4 c5 2. Nf3 Nc6 3. d4 cxd4 4. Nxd4 g6 5. c4 Bg7 6. Be3 Nf6 7. Nc3 0-0 8. Be2 d6 9. 0-0 Bd7 10. Rc1 Nxd4 11. Bxd4 Bc6 12. f3 a5 13. b3 Nd7 14. Be3 Nc5 15. Qd2 Qb6 16. Nb5 Rfc8 17. Rc2 Qd8 18. Rfc1 Qf8 19. Bf1 Be5 20. Bh6 Qe8 21. Nd4 Bd7 22. Be3 Qf8 23. Rd1 Qg7 24. Kh1 f5 25. exf5 gxf5 26. Ne2 Bc6 27. Nc3 Kf7 28. Bf4 Rg8 29. Bxe5 dxe5 30. Qf2 Ne6 31. c5 Nd4 32. Bc4+ e6 33. Rcd2 Qg5 34. Ne2 Nxe2 35. Rxe2 Qf4 36. Rde1 Rxg2 37. Kxg2 Rg8+ 38. Kf1 Bxf3 39. Bxe6+ Kxe6 40. Rxe5+ Kd7 41. c6+ Kc7 42. Re7+ Kxc6 43. R1e6+ 1-0

[Event "CZE-chT 9495"]
[Site "Czech Republic"]
[Date "1995.02.12"]
[Round "8"]
[White "Karlik, Vladimir"]
[Black "Pekarek, Ales"]
[Result "0-1"]
[WhiteElo "2240"]
[BlackElo "2450"]
[PlyCount "58"]
[EventDate "1994.10.15"]
[EventType "team-tourn"]
[EventRounds "9"]
[EventCountry "CZE"]
[SourceTitle "EXT 2019"]
[Source "ChessBase"]
[SourceDate "2018.10.10"]
[SourceVersion "1"]
[SourceVersionDate "2018.10.10"]
[SourceQuality "1"]
[WhiteTeam "Karvina SK Banik CSA "]
[BlackTeam "Praha Bohemians"]
[WhiteTeamCountry "CZE"]
[BlackTeamCountry "CZE"]

1. d4 Nf6 2. Nf3 d5 3. Bf4 c6 4. Nbd2 g6 5. e3 Bg7 6. h3 0-0 7. Be2 Qb6 8. b3 c5 9. 0-0 Nc6 10. c3 cxd4 11. exd4 Bf5 12. Ne5 Rac8 13. Be3 Qa5 14. Nxc6 Rxc6 15. c4 Rd8 16. g4 Bc8 17. Bf3 b5 18. c5 h5 19. a3 Qc7 20. Kh1 hxg4 21. hxg4 e5 22. b4 exd4 23. Bg5 d3 24. Nb3 Ne4 25. Bxd8 Qxd8 26. Qxd3 Qh4+ 27. Kg2 Be5 28. Bxe4 Qh2+ 29. Kf3 Bxg4+ 0-1

[Event "CZE-chT 9495"]
[Site "Czech Republic"]
[Date "1995.02.11"]
[Round "7"]
[White "Pekarek, Ales"]
[Black "Berezjuk, Sergej"]
[Result "0-1"]
[WhiteElo "2450"]
[BlackElo "2395"]
[PlyCount "156"]
[EventDate "1994.10.15"]
[EventType "team-tourn"]
[EventRounds "9"]
[EventCountry "CZE"]
[SourceTitle "EXT 2019"]
[Source "ChessBase"]
[SourceDate "2018.10.10"]
[SourceVersion "1"]
[SourceVersionDate "2018.10.10"]
[SourceQuality "1"]
[WhiteTeam "Praha Bohemians"]
[BlackTeam "Havirov SK CSABI Slavia"]
[WhiteTeamCountry "CZE"]
[BlackTeamCountry "CZE"]

1. d4 d5 2. c4 c6 3. Nf3 Nf6 4. Nc3 a6 5. e3 b5 6. cxb5 cxb5 7. Bd3 Nbd7 8. 0-0 e6 9. Ne2 Bd6 10. Bd2 0-0 11. Ng3 Bb7 12. a4 b4 13. a5 Ne4 14. Qa4 Qe7 15. Rfc1 Nxd2 16. Nxd2 g6 17. Rc2 Rfc8 18. Rac1 Rxc2 19. Rxc2 e5 20. Nb3 h5 21. Nf1 h4 22. h3 e4 23. Be2 f5 24. Qa1 Kh7 25. Qc1 Qd8 26. f4 Rc8 27. Rxc8 Qxc8 28. Qxc8 Bxc8 29. g3 hxg3 30. Kg2 Nb8 31. h4 Kh6 32. Nxg3 Nc6 33. h5 Bc7 34. hxg6 Nxa5 35. Nc5 Nc4 36. Kf2 a5 37. b3 Nd6 38. Bh5 Bd8 39. Kg2 Bh4 40. Kh3 Be7 41. Kg2 Kg7 42. Kf2 Bd8 43. Kg2 Nb5 44. Ne2 Bb6 45. Na4 Ba7 46. Ng3 Nd6 47. Kf2 Nb7 48. Ke1 Bd7 49. Kd2 Kf6 50. Kc2 Nd6 51. Nc5 Bc8 52. Kd2 Bxc5 53. dxc5 Nb7 54. c6 Nd8 55. g7 Kxg7 56. c7 Nc6 57. Be8 Na7 58. Kc2 Kf8 59. Bg6 Ke7 60. Bxf5 Kd6 61. Bg6 Nb5 62. Nh5 Nxc7 63. Ng3 Bg4 64. Bf7 Ke7 65. Bg6 Kf6 66. Bh5 Bxh5 67. Nxh5+ Kf5 68. Ng3+ Kg4 69. Ne2 Ne6 70. Kd2 d4 71. Nc1 d3 72. Nxd3 exd3 73. Kxd3 Kf5 74. Kc4 Nc7 75. Kc5 Ke4 76. Kc4 Kxe3 77. f5 Ne8 78. Kb5 Kd4 0-1

[Event "CZE-chT 9495"]
[Site "Czech Republic"]
[Date "1994.11.13"]
[Round "4"]
[White "Pekarek, Ales"]
[Black "Spacek, Petr"]
[Result "1/2-1/2"]
[WhiteElo "2415"]
[BlackElo "2395"]
[PlyCount "81"]
[EventDate "1994.10.15"]
[EventType "team-tourn"]
[EventRounds "9"]
[EventCountry "CZE"]
[SourceTitle "EXT 2019"]
[Source "ChessBase"]
[SourceDate "2018.10.10"]
[SourceVersion "1"]
[SourceVersionDate "2018.10.10"]
[SourceQuality "1"]
[WhiteTeam "Praha Bohemians"]
[BlackTeam "Praha Dukla"]
[WhiteTeamCountry "CZE"]
[BlackTeamCountry "CZE"]

1. g3 c5 2. Bg2 Nc6 3. e4 g6 4. Ne2 Bg7 5. 0-0 Nf6 6. d4 cxd4 7. Nxd4 Nxd4 8. Qxd4 d6 9. Qb4 0-0 10. Na3 Rb8 11. Rd1 Nd7 12. Nc4 b6 13. Bg5 h6 14. Bf4 Ba6 15. c3 Rc8 16. Bf1 Bb7 17. Bh3 Rc7 18. Nxd6 exd6 19. Qxd6 Rc5 20. Qxd7 Qa8 21. Bg2 Bxe4 22. Bxe4 Qxe4 23. Qxa7 Rb5 24. Rd2 h5 25. Qd7 Ra5 26. Qd3 Qe6 27. a3 g5 28. Be3 h4 29. Rad1 Re5 30. Qd7 Rxe3 31. fxe3 Qxe3+ 32. Rf2 hxg3 33. hxg3 Qxg3+ 34. Kf1 g4 35. Qd3 Qh4 36. Kg2 Qh6 37. Rh1 Qc6+ 38. Kg1 Re8 39. Rf1 Qc5+ 40. Kg2 Qc6+ 41. Kg1 1/2-1/2